000 01437nam a22003614a 4500
001 ebr10023092
003 CaPaEBR
006 m u
007 cr cn|||||||||
008 010614s2002 ctua sb 001 0 eng
010 _z 2001036306
020 _z027597510X (alk. paper)
040 _aCaPaEBR
_cCaPaEBR
035 _a(OCoLC)614683108
050 1 4 _aBF431
_b.L96 2002eb
082 0 4 _a153.9/09
_221
100 1 _aLynn, Richard,
_d1930-
245 1 0 _aIQ and the wealth of nations
_h[electronic resource] /
_cRichard Lynn and Tatu Vanhanen.
260 _aWestport, Conn. :
_bPraeger,
_c2002.
300 _axviii, 298 p. :
_bill.
490 1 _aHuman evolution, behavior, and intelligence,
_x1063-2158
504 _aIncludes bibliographical references (p. [273]-290) and index.
533 _aElectronic reproduction.
_bPalo Alto, Calif. :
_cebrary,
_d2013.
_nAvailable via World Wide Web.
_nAccess may be limited to ebrary affiliated libraries.
650 0 _aIntellect
_xSocial aspects.
650 0 _aIntellect
_vCross-cultural studies.
650 0 _aNational characteristics.
650 0 _aEconomics
_xSociological aspects.
655 7 _aElectronic books.
_2local
700 1 _aVanhanen, Tatu.
710 2 _aebrary, Inc.
830 0 _aHuman evolution, behavior, and intelligence.
856 4 0 _uhttp://site.ebrary.com/lib/rucke/Doc?id=10023092
_zAn electronic book accessible through the World Wide Web; click to view
999 _c7683
_d7683